000 00397nam a22001577a 4500
020 _a978-1-337-40434-1
082 _a346.07
100 _aBeatty, Jeffrey F.
245 _aIntroduction to Business Law
250 _a6th
260 _aBoston:
_bCengage Learning,
_c2019
300 _axxi, 609p.: ill.; 25cm
700 _aSamuelson, Susan S.
700 _aAbril, Patricia Sanchez.
942 _cBK
999 _c22145
_d22145